00732 2200241 4500001002100000005001700021008004100038020001800079035002400097040001200121082001200133090001900145100002300164245009100187250001100278260003300289300002800322504003100350650003100381650004800412850001200460990001800472YOGYA-0209000003113820090227024546.0 ind  a979-412-159-2 0010-020900000031138 aYOPDYOG a353.001 a353.001bZai A aZAINUN, H. Bukhori aAdministrasi dan menajemen kepegawaian pemerintah negara IndonesiacH. Bukhari Zainoen aCet. 2 aJakartabHaji Masagungc1991 ax, 151 hlmbilusc21 cm aBibliografi : hlm. 150-151 aPegawai negeri - Indonesia aIndonesia - Pejabat dan pegawai - Manajemen aYOPDYOG a36702-P/93b1